[Event "OP-2010-0-01110"]
[Site "LSS email"]
[Date "2010.03.13"]
[Round "?"]
[White "Rovchakov, Vladimir Petrovich"]
[Black "Rakovic, Miroslav"]
[Result "1-0"]
[WhiteElo "2104"]
[BlackElo "2220"]
[PlyCount "123"]
[EventDate "2010.03.08"]
[EventType "tourn (corr)"]
[EventRounds "4"]
[EventCountry "GER"]
[SourceTitle "Telechess CBM 141"]
[Source "ChessBase"]
[SourceDate "2011.03.17"]
[SourceVersion "1"]
[SourceVersionDate "2011.03.17"]
[SourceQuality "1"]

1. e4 c5 2. Nf3 e6 3. d4 cxd4 4. Nxd4 a6 5. Bd3 Bc5 6. Nb3 Be7 7. 0-0 d6 8. c4 Nf6 9. Nc3 0-0 10. Be3 Nbd7 11. f4 b6 12. Qf3 Bb7 13. Qh3 Re8 14. g4 Nf8 15. g5 N6d7 16. Qg3 Rc8 17. h4 Qc7 18. h5 f6 19. g6 h6 20. Qh3 Nc5 21. Bc2 Qb8 22. Rfd1 Qa8 23. Nd2 b5 24. a3 bxc4 25. Nxc4 Qb8 26. Nb6 Rc7 27. Rab1 Bc6 28. f5 Kh8 29. fxe6 Qxb6 30. b4 Nfxe6 31. Nd5 Qa7 32. bxc5 Nxc5 33. Nxc7 Qxc7 34. Rb4 a5 35. Rc4 Bf8 36. Qf3 Qb7 37. Rb1 Qa8 38. Rb6 Bxe4 39. Bxe4 Nxe4 40. Rc7 a4 41. Rbc6 Qb8 42. Qd1 Qb5 43. Rc8 Qe5 44. Qg4 Rxc8 45. Rxc8 Kg8 46. Kg2 Qd5 47. Re8 f5 48. Qf3 Qa2+ 49. Bf2 Qd5 50. Bh4 Qc6 51. Rd8 Qc2+ 52. Kh3 Qc5 53. Be7 Ng5+ 54. Bxg5 hxg5 55. Qd3 Qc6 56. Kh2 Qc5 57. Qe2 d5 58. Kg2 Qb6 59. Rxd5 Qc6 60. Qd3 f4 61. Qf5 Qe8 62. Kf1 1-0

[Event "OP-2010-0-01110"]
[Site "LSS email"]
[Date "2010.03.13"]
[Round "?"]
[White "Schild, Reinhard"]
[Black "Rakovic, Miroslav"]
[Result "1-0"]
[WhiteElo "2088"]
[BlackElo "2241"]
[PlyCount "73"]
[EventDate "2010.03.08"]
[EventType "tourn (corr)"]
[EventRounds "4"]
[EventCountry "GER"]
[SourceTitle "Telechess CBM 141"]
[Source "ChessBase"]
[SourceDate "2011.03.17"]
[SourceVersion "1"]
[SourceVersionDate "2011.03.17"]
[SourceQuality "1"]

1. d4 Nf6 2. Nf3 g6 3. Bg5 Bg7 4. Nbd2 0-0 5. e3 d6 6. Bc4 c5 7. c3 Qc7 8. 0-0 b6 9. Qe2 Bb7 10. e4 h6 11. Bh4 Nh5 12. d5 g5 13. Bg3 a6 14. a4 Nd7 15. Rfe1 Nxg3 16. hxg3 Nf6 17. Nf1 Rfb8 18. Qd3 Ng4 19. Ne3 Nxe3 20. Qxe3 b5 21. Be2 Qd7 22. Nd2 Bc8 23. f4 gxf4 24. gxf4 Qc7 25. Rf1 Bd7 26. Rf3 bxa4 27. Nc4 Bb5 28. Rf2 Rb7 29. e5 Rab8 30. e6 Bxc4 31. Bxc4 Rxb2 32. Rxb2 Rxb2 33. exf7+ Kf8 34. Qe4 Qd7 35. Qg6 Rd2 36. Rb1 Qd8 37. f5 1-0

[Event "LSS No Engine Cup 18 Preliminary 1"]
[Site "LSS email"]
[Date "2010.03.05"]
[Round "?"]
[White "Ottenweller, Wolfgang"]
[Black "Rakovic, Miroslav"]
[Result "1-0"]
[WhiteElo "1658"]
[BlackElo "2230"]
[PlyCount "63"]
[EventDate "2010.03.06"]
[EventType "tourn (corr)"]
[EventRounds "6"]
[EventCountry "GER"]
[SourceTitle "Telechess CBM 141"]
[Source "ChessBase"]
[SourceDate "2011.03.17"]
[SourceVersion "1"]
[SourceVersionDate "2011.03.17"]
[SourceQuality "1"]

1. e4 e6 2. d4 d5 3. Nc3 Bb4 4. Qg4 Nf6 5. Qxg7 Rg8 6. Qh6 c5 7. dxc5 d4 8. a3 Bxc5 9. e5 dxc3 10. Qxf6 Qxf6 11. exf6 Bd4 12. b3 Bxf6 13. h4 Nc6 14. Ne2 Bd7 15. Bg5 Bg7 16. g3 h6 17. Be3 0-0-0 18. Bg2 b6 19. 0-0-0 Na5 20. Bd4 Bf8 21. b4 Bc6 22. Bxc6 Nxc6 23. Bxc3 Rxd1+ 24. Rxd1 a5 25. Bd4 axb4 26. axb4 Bxb4 27. Bxb6 Bf8 28. c3 Kb7 29. Be3 Kc7 30. Nd4 Ne7 31. c4 Nc6 32. Nb5+ 1-0

[Event "LSS No Engine Cup 18 Preliminary 1"]
[Site "LSS email"]
[Date "2010.03.05"]
[Round "?"]
[White "Rakovic, Miroslav"]
[Black "Molina, Vicente Andres"]
[Result "1-0"]
[WhiteElo "2253"]
[BlackElo "762"]
[PlyCount "55"]
[EventDate "2010.03.06"]
[EventType "tourn (corr)"]
[EventRounds "6"]
[EventCountry "GER"]
[SourceTitle "Telechess CBM 141"]
[Source "ChessBase"]
[SourceDate "2011.03.17"]
[SourceVersion "1"]
[SourceVersionDate "2011.03.17"]
[SourceQuality "1"]

1. d4 Nf6 2. c4 g6 3. Nc3 Bg7 4. e4 d6 5. Nf3 Nc6 6. d5 Ne5 7. Nxe5 dxe5 8. Be2 0-0 9. Be3 h6 10. 0-0 Kh7 11. h3 e6 12. f4 exf4 13. Rxf4 e5 14. Rf2 Ng8 15. Bc5 Re8 16. Rxf7 b6 17. Ba3 a6 18. d6 cxd6 19. Qd5 Be6 20. Rxg7+ Kxg7 21. Qd2 Rc8 22. Bxd6 Bxc4 23. Bxc4 Rxc4 24. Bxe5+ Kh7 25. Rf1 g5 26. Rf7+ Kg6 27. Rg7+ Kh5 28. Qe2+ 1-0

[Event "LSS No Engine Cup 18 Preliminary 1"]
[Site "LSS email"]
[Date "2010.03.05"]
[Round "?"]
[White "Tanti, Joseph G"]
[Black "Rakovic, Miroslav"]
[Result "0-1"]
[WhiteElo "1758"]
[BlackElo "2243"]
[PlyCount "82"]
[EventDate "2010.03.06"]
[EventType "tourn (corr)"]
[EventRounds "6"]
[EventCountry "GER"]
[SourceTitle "Telechess CBM 141"]
[Source "ChessBase"]
[SourceDate "2011.03.17"]
[SourceVersion "1"]
[SourceVersionDate "2011.03.17"]
[SourceQuality "1"]

1. e4 e6 2. d4 d5 3. Nc3 Nf6 4. Bg5 Bb4 5. e5 h6 6. Bd2 Bxc3 7. bxc3 Ne4 8. Qg4 g6 9. Bd3 Nxd2 10. Kxd2 c5 11. Nf3 Qc7 12. Qh4 Qe7 13. Qf4 c4 14. Be2 Nc6 15. Qf6 Qxf6 16. exf6 Bd7 17. Rab1 0-0-0 18. Rb2 Kc7 19. Ne5 Nxe5 20. dxe5 Ba4 21. Ke3 b6 22. Kd4 Kc6 23. f4 h5 24. h4 Rb8 25. g4 hxg4 26. Bxg4 Rh7 27. Rh2 Rbh8 28. h5 gxh5 29. Bf3 h4 30. Rb1 h3 31. Rbh1 Rh4 32. Ke3 Kc5 33. Rg1 R4h7 34. Bg4 Rg8 35. Bf5 Rxg1 36. Bxh7 Rg3+ 37. Kf2 Rxc3 38. f5 Rxc2+ 39. Kg3 Rg2+ 40. Rxg2 hxg2 41. Kxg2 Bd7 0-1

[Event "FICGS W-ch st1 g01 email"]
[Site "FICGS email"]
[Date "2009.11.02"]
[Round "1"]
[White "Rakovic, Miroslav"]
[Black "Budnar, Milos"]
[Result "1-0"]
[WhiteElo "1962"]
[BlackElo "1429"]
[PlyCount "51"]
[EventDate "2009.??.??"]
[EventType "tourn (corr)"]
[EventRounds "8"]
[SourceTitle "Corr 2022"]
[Source "ChessBase"]
[SourceDate "2021.10.24"]
[SourceVersion "1"]
[SourceVersionDate "2021.10.24"]
[SourceQuality "1"]

1. e4 e5 2. Nf3 Nc6 3. Bb5 a6 4. Ba4 Nf6 5. 0-0 Be7 6. Re1 0-0 7. Bxc6 dxc6 8. Nxe5 Be6 9. d4 Bd6 10. Nf3 Ng4 11. h3 Nh6 12. Nc3 Bb4 13. Bg5 f6 14. Bxh6 gxh6 15. Qd2 Kg7 16. Re3 Kh8 17. a3 Ba5 18. b4 Bb6 19. Ne2 Rf7 20. Nf4 Qd7 21. Rae1 Re7 22. c3 a5 23. Nh4 Rg7 24. Nh5 Rf7 25. Rg3 f5 26. Qxh6 1-0

[Event "FICGS W-ch st1 g08 email"]
[Site "FICGS email"]
[Date "2009.02.03"]
[Round "1"]
[White "Ivanov, Hristo"]
[Black "Rakovic, Miroslav"]
[Result "1/2-1/2"]
[WhiteElo "2187"]
[BlackElo "1929"]
[PlyCount "66"]
[EventDate "2009.??.??"]
[EventType "tourn (corr)"]
[EventRounds "8"]
[SourceTitle "Corr 2022"]
[Source "ChessBase"]
[SourceDate "2021.10.24"]
[SourceVersion "1"]
[SourceVersionDate "2021.10.24"]
[SourceQuality "1"]

1. e4 e6 2. d4 d5 3. Nc3 Bb4 4. e5 c5 5. a3 Bxc3+ 6. bxc3 Ne7 7. Qg4 0-0 8. Bd3 f5 9. exf6 Rxf6 10. Bg5 Rf7 11. Qh5 g6 12. Qd1 e5 13. dxe5 Nbc6 14. f4 c4 15. Be2 Qb6 16. Rb1 Qc5 17. Bxe7 Nxe7 18. Qd4 Qxd4 19. cxd4 Rxf4 20. Bf3 b6 21. Ne2 Rf7 22. a4 Bf5 23. Kd2 Raf8 24. Nc3 Be6 25. a5 bxa5 26. Rb5 Nf5 27. Bxd5 Nxd4 28. Bxe6 Nxe6 29. Ne4 Rd8+ 30. Kc3 Nd4 31. Rc5 Ne2+ 32. Kb2 Rb7+ 33. Ka3 Nd4 1/2-1/2

[Event "LSS SM-2008-0-00040"]
[Site "LSS email"]
[Date "2008.12.28"]
[Round "?"]
[White "Rolle, Hannes"]
[Black "Rakovic, Miroslav"]
[Result "0-1"]
[WhiteElo "2213"]
[BlackElo "2256"]
[PlyCount "82"]
[EventDate "2008.12.22"]
[EventType "tourn (corr)"]
[EventRounds "6"]
[EventCountry "GER"]
[SourceTitle "Corr 2011"]
[Source "ChessBase"]
[SourceDate "2010.08.31"]
[SourceVersion "1"]
[SourceVersionDate "2010.08.31"]
[SourceQuality "1"]

1. d4 Nf6 2. c4 g6 3. Nc3 Bg7 4. e4 d6 5. f3 0-0 6. Nge2 c5 7. d5 e6 8. Ng3 exd5 9. cxd5 h5 10. Be2 Nh7 11. Be3 a6 12. a4 Nd7 13. 0-0 h4 14. Nh1 f5 15. Qd2 Qf6 16. f4 fxe4 17. Nf2 Qe7 18. Ncxe4 Ndf6 19. Bd3 Nxe4 20. Nxe4 Bf5 21. Bf2 h3 22. Ng3 Bxd3 23. Rae1 Qd7 24. Qxd3 Rxf4 25. Qxg6 hxg2 26. Kxg2 Rf6 27. Qc2 Raf8 28. Bg1 Ng5 29. Rxf6 Rxf6 30. b3 Qf7 31. Qd1 b5 32. axb5 axb5 33. Be3 Nf3 34. Rf1 Nh4+ 35. Kh3 Nf5 36. Bg5 Nxg3 37. Rxf6 Bxf6 38. Bxf6 Qxf6 39. Kxg3 Qg5+ 40. Kf2 Qf4+ 41. Kg2 b4 0-1

[Event "FICGS rapid A 000056 email"]
[Site "FICGS email"]
[Date "2008.12.26"]
[Round "1"]
[White "Agustin, Santos"]
[Black "Rakovic, Miroslav"]
[Result "1/2-1/2"]
[WhiteElo "1955"]
[BlackElo "1901"]
[PlyCount "81"]
[EventDate "2008.??.??"]
[EventType "tourn (rapid)"]
[EventRounds "6"]
[SourceTitle "Corr 2022"]
[Source "ChessBase"]
[SourceDate "2021.10.24"]
[SourceVersion "1"]
[SourceVersionDate "2021.10.24"]
[SourceQuality "1"]

1. e4 e6 2. d4 d5 3. Nc3 Bb4 4. e5 c5 5. a3 Bxc3+ 6. bxc3 Ne7 7. Qg4 0-0 8. Bd3 f5 9. exf6 Rxf6 10. Bg5 Rf7 11. Nf3 Nbc6 12. Qh4 h6 13. Bxe7 Rxe7 14. 0-0 c4 15. Bg6 Bd7 16. Rfe1 Be8 17. Bxe8 Rxe8 18. Qg4 Qf6 19. Re2 Re7 20. Rae1 Rae8 21. Qg3 Kh7 22. h3 Qg6 23. Qd6 Rd8 24. Qc5 Rf7 25. Nh2 Re8 26. Qd6 Ref8 27. a4 Re8 28. Kf1 Rfe7 29. Ng4 Qf7 30. Kg1 Qf5 31. Nh2 Kg8 32. Nf3 Qf7 33. Ne5 Nxe5 34. Rxe5 Rd7 35. Qc5 b6 36. Qb4 Rf8 37. R1e2 Re8 38. R5e3 Rde7 39. Qb5 Qf5 40. Re5 Qf7 41. g3 1/2-1/2

[Event "FICGS rapid A 000056 email"]
[Site "FICGS email"]
[Date "2008.12.26"]
[Round "1"]
[White "Rakovic, Miroslav"]
[Black "Riha, Josef"]
[Result "1-0"]
[WhiteElo "1901"]
[BlackElo "1932"]
[PlyCount "83"]
[EventDate "2008.??.??"]
[EventType "tourn (rapid)"]
[EventRounds "6"]
[SourceTitle "Corr 2022"]
[Source "ChessBase"]
[SourceDate "2021.10.24"]
[SourceVersion "1"]
[SourceVersionDate "2021.10.24"]
[SourceQuality "1"]

1. c4 Nf6 2. g3 e5 3. Bg2 d5 4. cxd5 Nxd5 5. Nf3 Nc6 6. 0-0 Be7 7. d4 e4 8. Ne5 f5 9. Nxc6 bxc6 10. Qa4 Qd6 11. Nc3 0-0 12. Nxd5 cxd5 13. Bf4 Qa6 14. Qb3 c5 15. dxc5 Be6 16. Qc2 d4 17. Be5 Rad8 18. Rfd1 Bf6 19. Bxf6 Rxf6 20. b4 Qa3 21. b5 Rd5 22. Rac1 Rf7 23. c6 Rc7 24. Rb1 Bf7 25. Qb2 Qd6 26. f3 Re7 27. fxe4 fxe4 28. Qb4 Qe5 29. a4 d3 30. exd3 Rd4 31. Qc3 e3 32. Re1 Qd6 33. Be4 Rxa4 34. Rxe3 Ra2 35. d4 Qh6 36. h4 Kh8 37. Rbe1 Bg8 38. c7 Qf6 39. Rf1 Rxc7 40. Qxc7 Qxd4 41. Qc3 Qxc3 42. Rxc3 1-0

[Event "FICGS class C 000103 email"]
[Site "FICGS email"]
[Date "2008.12.23"]
[Round "1"]
[White "Rakovic, Miroslav"]
[Black "Von Buttlar, Paul"]
[Result "1-0"]
[WhiteElo "1901"]
[BlackElo "1679"]
[PlyCount "53"]
[EventDate "2008.??.??"]
[EventType "tourn (corr)"]
[EventRounds "4"]
[SourceTitle "Corr 2022"]
[Source "ChessBase"]
[SourceDate "2021.10.24"]
[SourceVersion "1"]
[SourceVersionDate "2021.10.24"]
[SourceQuality "1"]

1. c4 c6 2. g3 e6 3. Bg2 d5 4. Nf3 Nf6 5. 0-0 Bd6 6. d4 0-0 7. Nc3 Nbd7 8. Nd2 Re8 9. e4 dxe4 10. Ndxe4 Nxe4 11. Nxe4 Nf6 12. Nxd6 Qxd6 13. Bf4 Qe7 14. Re1 Rd8 15. Qd3 Nh5 16. Bd2 g6 17. Rad1 Ng7 18. Ba5 Rd7 19. d5 b6 20. d6 Qg5 21. Bxc6 Rb8 22. Bd2 Qh5 23. b4 e5 24. c5 Ne6 25. Bc3 bxc5 26. bxc5 Qh3 27. Rxe5 1-0

[Event "FICGS class C 000103 email"]
[Site "FICGS email"]
[Date "2008.12.23"]
[Round "1"]
[White "Skoryna, Sergiy"]
[Black "Rakovic, Miroslav"]
[Result "0-1"]
[WhiteElo "1800"]
[BlackElo "1901"]
[PlyCount "97"]
[EventDate "2008.??.??"]
[EventType "tourn (corr)"]
[EventRounds "4"]
[SourceTitle "Corr 2022"]
[Source "ChessBase"]
[SourceDate "2021.10.24"]
[SourceVersion "1"]
[SourceVersionDate "2021.10.24"]
[SourceQuality "1"]

1. e4 e6 2. d4 d5 3. Nc3 Bb4 4. Bd2 dxe4 5. Bb5+ c6 6. Ba4 Qxd4 7. Nge2 Qd6 8. Nxe4 Bxd2+ 9. Nxd2 Nf6 10. 0-0 0-0 11. c3 b5 12. Bc2 Bb7 13. a4 Nbd7 14. Qb1 a6 15. Rd1 c5 16. Ne4 Qc6 17. Nxf6+ Nxf6 18. f3 Rfd8 19. Ng3 Qb6 20. a5 Qc7 21. Ne4 Bxe4 22. Bxe4 Rxd1+ 23. Qxd1 Nxe4 24. fxe4 Rd8 25. Qf3 Rd2 26. e5 h6 27. Qa8+ Rd8 28. Qxa6 Qxe5 29. Qb6 Rb8 30. Qc6 Qe3+ 31. Kh1 Qe2 32. b4 cxb4 33. a6 Rd8 34. h3 Qb2 35. Rf1 bxc3 36. a7 Qa3 37. Qc7 Rf8 38. Rf2 f5 39. Rc2 b4 40. Qe7 Qa4 41. Qxe6+ Kh7 42. Ra2 Qd1+ 43. Kh2 c2 44. a8Q c1Q 45. Qf3 Qg1+ 46. Kg3 Qg5+ 47. Qg4 fxg4 48. Qe4+ Rf5 49. hxg4 0-1

[Event "LSS SM-2008-0-00039"]
[Site "LSS email"]
[Date "2008.12.20"]
[Round "?"]
[White "Rakovic, Miroslav"]
[Black "Kuhne, Detlev"]
[Result "1/2-1/2"]
[WhiteElo "2256"]
[BlackElo "2322"]
[PlyCount "48"]
[EventDate "2008.12.15"]
[EventType "tourn (corr)"]
[EventRounds "6"]
[EventCountry "GER"]
[SourceTitle "Corr 2011"]
[Source "ChessBase"]
[SourceDate "2010.08.31"]
[SourceVersion "1"]
[SourceVersionDate "2010.08.31"]
[SourceQuality "1"]

1. e4 c6 2. d4 d5 3. exd5 cxd5 4. c4 Nf6 5. Nc3 Nc6 6. Bg5 Be6 7. a3 g6 8. Bxf6 exf6 9. c5 Bg7 10. Bb5 0-0 11. Nge2 f5 12. 0-0 Qf6 13. Bxc6 bxc6 14. Qa4 Bc8 15. Nf4 Bb7 16. Rad1 Rfe8 17. g3 a5 18. Rfe1 Rxe1+ 19. Rxe1 Qxd4 20. Qb3 Rb8 21. Qb6 Be5 22. Nd3 Qxd3 23. Rxe5 Qa6 24. Qc7 Rc8 1/2-1/2

[Event "LSS SM-2008-0-00039"]
[Site "LSS email"]
[Date "2008.12.20"]
[Round "?"]
[White "Rakovic, Miroslav"]
[Black "Wosch, Arkadiusz Janusz"]
[Result "1/2-1/2"]
[WhiteElo "2260"]
[BlackElo "2215"]
[PlyCount "46"]
[EventDate "2008.12.15"]
[EventType "tourn (corr)"]
[EventRounds "6"]
[EventCountry "GER"]
[SourceTitle "Corr 2011"]
[Source "ChessBase"]
[SourceDate "2010.08.31"]
[SourceVersion "1"]
[SourceVersionDate "2010.08.31"]
[SourceQuality "1"]

1. e4 c5 2. Nc3 Nc6 3. f4 g6 4. Nf3 Bg7 5. Bb5 Nd4 6. 0-0 Nxb5 7. Nxb5 d5 8. exd5 a6 9. Nc3 Nf6 10. d4 Nxd5 11. dxc5 Nxc3 12. Qxd8+ Kxd8 13. bxc3 Bxc3 14. Rb1 Kc7 15. Rb3 Bf6 16. Bd2 Be6 17. Ba5+ Kc6 18. Rb6+ Kxc5 19. Nd2 Bxa2 20. Ne4+ Kd5 21. Nxf6+ exf6 22. Ra1 Bc4 23. Rxf6 Kd4 1/2-1/2

[Event "SRB-chT2 East"]
[Site "Golubac"]
[Date "2008.10.16"]
[Round "6.1"]
[White "Dimitrijevic, Radmilo"]
[Black "Rakovic, Miroslav"]
[Result "0-1"]
[WhiteElo "2186"]
[BlackElo "2042"]
[PlyCount "128"]
[EventDate "2008.09.14"]
[EventType "team"]
[EventRounds "11"]
[EventCountry "SRB"]
[SourceTitle "EXT 2012"]
[Source "ChessBase"]
[SourceDate "2011.11.24"]
[SourceVersion "1"]
[SourceVersionDate "2011.11.24"]
[SourceQuality "1"]

1. e4 e6 2. d4 d5 3. exd5 exd5 4. Nf3 Nf6 5. c4 Bb4+ 6. Bd2 Bxd2+ 7. Nbxd2 0-0 8. Be2 Bg4 9. 0-0 Nbd7 10. Qb3 dxc4 11. Qxb7 Nb6 12. h3 Be6 13. Qa6 Bd5 14. Ne5 Re8 15. Ndxc4 Ne4 16. Ne3 f6 17. N5c4 Bf7 18. Rfd1 Qe7 19. Bf3 Rad8 20. Rac1 Nxc4 21. Nxc4 Bd5 22. Ne3 c6 23. Nxd5 cxd5 24. Qa5 f5 25. Bxe4 fxe4 26. Rc7 Rd7 27. Rxd7 Qxd7 28. Rc1 e3 29. fxe3 Rxe3 30. Qd2 Re4 31. Re1 Qe6 32. Rxe4 Qxe4 33. a3 Kf7 34. Qc3 Kg6 35. Qg3+ Kh6 36. Qd6+ g6 37. Qf8+ Kg5 38. Qf2 Qb1+ 39. Kh2 Qe4 40. Qg3+ Kf5 41. Qf2+ Qf4+ 42. Kg1 Qxf2+ 43. Kxf2 Ke4 44. Ke2 Kxd4 45. Kd2 g5 46. g3 h5 47. b3 g4 48. h4 Ke4 49. Ke2 d4 50. b4 d3+ 51. Kd2 Kf3 52. b5 Kxg3 53. a4 Kf2 54. a5 g3 55. b6 axb6 56. axb6 g2 57. b7 g1Q 58. b8Q Qe1+ 59. Kxd3 Qe3+ 60. Kc4 Qe4+ 61. Kc5 Qxh4 62. Qb2+ Kf3 63. Qc3+ Kg2 64. Qd2+ Qf2+ 0-1

[Event "LSS BI-2007-F-00004"]
[Site "LSS email"]
[Date "2008.02.15"]
[Round "?"]
[White "Rakovic, Miroslav"]
[Black "Helmer, Janos"]
[Result "1/2-1/2"]
[WhiteElo "2071"]
[BlackElo "2233"]
[PlyCount "51"]
[EventDate "2008.02.15"]
[EventType "tourn (corr)"]
[EventRounds "10"]
[EventCountry "GER"]
[SourceTitle "Corr 2011"]
[Source "ChessBase"]
[SourceDate "2010.08.31"]
[SourceVersion "1"]
[SourceVersionDate "2010.08.31"]
[SourceQuality "1"]

1. d4 Nf6 2. c4 g6 3. Nc3 Bg7 4. e4 d6 5. Be2 0-0 6. Nf3 e5 7. 0-0 Nc6 8. d5 Ne7 9. b4 a5 10. Ba3 axb4 11. Bxb4 Nd7 12. a4 Bh6 13. a5 f5 14. Bd3 Nf6 15. c5 fxe4 16. cxd6 cxd6 17. Nxe4 Nxe4 18. Bxe4 Bf5 19. Re1 Qd7 20. h3 Rfc8 21. Qb3 Qb5 22. Bxf5 Nxf5 23. Rab1 Rc4 24. g4 Nd4 25. Nxd4 exd4 26. Re7 1/2-1/2

[Event "LSS SA-2008-0-00002"]
[Site "LSS email"]
[Date "2008.01.21"]
[Round "?"]
[White "Rakovic, Miroslav"]
[Black "Vyzharov, Ivan"]
[Result "1/2-1/2"]
[WhiteElo "2082"]
[BlackElo "2169"]
[PlyCount "53"]
[EventDate "2008.01.11"]
[EventType "tourn (corr)"]
[EventRounds "6"]
[EventCountry "GER"]
[SourceTitle "Corr 2011"]
[Source "ChessBase"]
[SourceDate "2010.08.31"]
[SourceVersion "1"]
[SourceVersionDate "2010.08.31"]
[SourceQuality "1"]

1. d4 Nf6 2. c4 g6 3. Nc3 d5 4. cxd5 Nxd5 5. e4 Nxc3 6. bxc3 Bg7 7. Nf3 c5 8. Rb1 0-0 9. Be2 Nc6 10. d5 Ne5 11. Nxe5 Bxe5 12. Qd2 Qa5 13. Rb3 Rd8 14. 0-0 e6 15. c4 Qxd2 16. Bxd2 b6 17. f4 Bg7 18. Be3 Bb7 19. Rd1 Rd7 20. Kf2 Re7 21. Bf3 e5 22. g3 Ba6 23. Rc1 Rae8 24. Ra3 Bc8 25. Rd1 Rb7 26. Kg2 Kf8 27. Rb3 1/2-1/2

[Event "LSS OP-2007-0-00425"]
[Site "LSS email"]
[Date "2007.12.13"]
[Round "?"]
[White "Rakovic, Miroslav"]
[Black "Somogyi, Gabor"]
[Result "1-0"]
[WhiteElo "2051"]
[BlackElo "1996"]
[PlyCount "57"]
[EventDate "2007.12.12"]
[EventType "tourn (corr)"]
[EventRounds "4"]
[EventCountry "GER"]
[SourceTitle "Corr 2011"]
[Source "ChessBase"]
[SourceDate "2010.08.31"]
[SourceVersion "1"]
[SourceVersionDate "2010.08.31"]
[SourceQuality "1"]

1. d4 Nf6 2. c4 c5 3. d5 b5 4. cxb5 a6 5. bxa6 Bxa6 6. Nc3 d6 7. g3 g6 8. Bg2 Bg7 9. Nf3 0-0 10. 0-0 Nbd7 11. Rb1 Qb6 12. b3 Rfb8 13. Qc2 Ng4 14. h3 Nge5 15. Nd2 Qa7 16. Nde4 Nb6 17. Rd1 Bc8 18. a4 c4 19. Be3 cxb3 20. Qxb3 Ned7 21. Qc2 Qa5 22. Rb5 Qa6 23. Bd4 Bxd4 24. Rxd4 Ne5 25. Qb1 Bd7 26. Rb3 Rb7 27. a5 Qxa5 28. f4 Nec4 29. Rxc4 1-0

[Event "LSS OP-2007-0-00425"]
[Site "LSS email"]
[Date "2007.12.13"]
[Round "?"]
[White "Zuccotti Bozzano, Marianella"]
[Black "Rakovic, Miroslav"]
[Result "1/2-1/2"]
[WhiteElo "2100"]
[BlackElo "2051"]
[PlyCount "97"]
[EventDate "2007.12.12"]
[EventType "tourn (corr)"]
[EventRounds "4"]
[EventCountry "GER"]
[SourceTitle "Corr 2011"]
[Source "ChessBase"]
[SourceDate "2010.08.31"]
[SourceVersion "1"]
[SourceVersionDate "2010.08.31"]
[SourceQuality "1"]

1. e4 c5 2. c3 Nf6 3. e5 Nd5 4. Nf3 Nc6 5. Na3 g6 6. Qb3 Nb6 7. d4 cxd4 8. Ng5 d5 9. exd6 e6 10. Nb5 Bxd6 11. Nxd4 Nxd4 12. cxd4 Bd7 13. Bb5 0-0 14. Bxd7 Qxd7 15. Be3 Rac8 16. 0-0 Be7 17. Ne4 Qd5 18. Qxd5 Nxd5 19. Rac1 b6 20. g3 Kg7 21. Kg2 Rfd8 22. Rfd1 f5 23. Nc3 Nxc3 24. Rxc3 Rxc3 25. bxc3 Rc8 26. Rc1 Rc4 27. Kf3 Kf6 28. Ke2 Ra4 29. Rc2 e5 30. f3 Bd6 31. dxe5+ Kxe5 32. Bd4+ Kd5 33. Kd3 b5 34. f4 Bc5 35. Bxc5 Kxc5 36. Re2 Kd6 37. Rb2 a6 38. Re2 Ra5 39. Ke3 Kd5 40. Kd3 Ra3 41. Re5+ Kd6 42. Re2 h6 43. Kd4 Ra4+ 44. Kd3 Kd7 45. h3 h5 46. Rf2 Ke6 47. Re2+ Kf6 48. h4 Kf7 49. Rd2 1/2-1/2